مصطلحات علمية

Bibliographic Details
Format: Book
Published: Baghdad : Matba'ah al-Majma' al-'Ilmi al-'Iraqi , 1982
Subjects:

MARC

LEADER 00000cam a2200000 7i4500
001 0000025821
005 20040714093000.0
008 021119s1982
090 0 0 |a Q179   |b .M877 1982 
245 1 0 |a مصطلحات علمية   |c المجمع العلمي العراقي 
260 2 |a Baghdad :   |b Matba'ah al-Majma' al-'Ilmi al-'Iraqi ,   |c 1982 
300 |a 3 v. ;   |c 24 cm. 
650 0 |a Education   |x Terminology 
650 0 |a Psychiatry   |x Terminology 
650 0 |a Psychology   |x Terminology 
650 0 |a Science   |x Terminology 
650 0 |a Technology   |x Terminology 
745 0 3 |a al-Mujtami` al-Alami al-`Iraqi 
999 |a 1000059839   |b Book   |c OPEN SHELF (30 DAYS)   |e Gong Badak Campus 
999 |a 1000059840   |b Book   |c OPEN SHELF (30 DAYS)   |e Gong Badak Campus 
999 |a 1000059841   |b Book   |c OPEN SHELF (30 DAYS)   |e Gong Badak Campus